000 00786nam a2200241Ia 4500
003 OSt
005 20220923213636.0
006 a|||||r|||| 00| 0
007 ta
008 220922b |||||||| |||| 00| 0 hin d
024 _a163,724
037 _cTextual
040 _aARTS
_cARTS
_bhin
041 _2hin
_ahin
082 _aO152,1M89:g, H9
100 _aशर्मा, विनय मोहन
245 0 _aकवि प्रसाद
_b आंसू तथा अन्य कृतियां
246 _aKavi prasāda: āansū tathā anya kṛutiyāan
260 _c1949
650 _aहिन्दी साहित्य
_9156264
942 _hO152,1M89:g, H9
_cTEXL
_2CC
999 _c318204
_d318204